|
|
|
|
| LEADER |
00000cam a2200000 7i4500 |
| 001 |
0000001094 |
| 005 |
20131222.0 |
| 020 |
0 |
0 |
|a 9679424774
|
| 090 |
0 |
0 |
|a 330.95
|b SOU 2000
|
| 245 |
0 |
0 |
|a SOUTHEAST Asia into the twenty first century :
|b Crisis and beyond
|c edited by Abdul Rahman Embong, Jurgen Rudolph
|
| 260 |
0 |
0 |
|a Bangi, Selangor :
|b Penerbit UKM ,
|c 2000
|
| 300 |
|
|
|a 231 p. ;
|c 24 cm.
|
| 500 |
0 |
0 |
|a Includes bibliographical references and index
|
| 650 |
0 |
0 |
|a Financial crises
|z Asia
|
| 651 |
0 |
0 |
|a Asia
|x Economic conditions
|y 21st century
|
| 651 |
0 |
0 |
|a Asia
|x Politics and government
|
| 700 |
0 |
1 |
|a Abdul Rahman Embong
|
| 700 |
0 |
1 |
|a Rudolph
|h Jurgen
|
| 745 |
0 |
0 |
|a ASEAN Inter-University Seminar on Social Development (4th :1999 :Pattani, Thailand)
|
| 998 |
|
|
|a JPSM
|
| 999 |
|
|
|a 0000002355
|b Monograph
|c Open Shelf
|e Default branch
|